[Event "Asia Nations Cup"]
[Site "Hamedan"]
[Date "2018.07.28"]
[Round "2.3"]
[White "Monawary, Parwiz"]
[Black "Abdisalimov, Abdimalik"]
[Result "0-1"]
[WhiteElo "1903"]
[BlackElo "2331"]
[PlyCount "90"]
[EventDate "2018.07.28"]
[EventType "team-tourn"]
[EventRounds "9"]
[EventCountry "IRI"]
[SourceTitle "CBM 186 Extra"]
[Source "ChessBase"]
[SourceDate "2018.08.24"]
[SourceVersion "1"]
[SourceVersionDate "2018.08.24"]
[SourceQuality "1"]
[WhiteTeam "Afghanistan"]
[BlackTeam "Uzbekistan"]
[WhiteTeamCountry "AFG"]
[BlackTeamCountry "UZB"]

1. e4 c5 2. c3 Nf6 3. e5 Nd5 4. Nf3 Nc6 5. Bc4 Nb6 6. Bb3 d5 7. d4 cxd4 8. cxd4 Bg4 9. Be3 e6 10. Nbd2 Bb4 11. 0-0 Bxd2 12. Qxd2 Bxf3 13. gxf3 0-0 14. Kh1 f6 15. f4 fxe5 16. fxe5 Qh4 17. f4 Ne7 18. Rf2 Nc4 19. Bxc4 dxc4 20. Rg1 Qh3 21. Qe2 Nd5 22. Rf3 Qf5 23. Bc1 Rac8 24. Qg2 g6 25. h4 c3 26. b3 c2 27. Kh2 Rc3 28. Rxc3 Nxc3 29. Qh3 Ne2 30. Qxf5 Rxf5 31. Rf1 Rf8 32. Kg2 Rd8 33. Be3 Rc8 34. Bc1 Nxd4 35. Kf2 Nf5 36. h5 gxh5 37. Rh1 Rd8 38. Rxh5 Rd1 39. Rg5+ Kf7 40. Rg1 h5 41. Ba3 h4 42. Kg2 Nd4 43. Rh1 Rxh1 44. Kxh1 Ne2 45. Kg2 Nxf4+ 0-1